Черная Роза (Запись № 714266)
[ простой вид ]
| 000 -МАРКЕР | |
|---|---|
| контрольное поле | 01429nam0a2200373 4500 |
| 001 - ИДЕНТИФИКАТОР ЗАПИСИ | |
| контрольное поле | RU\NLR\bibl\127859 |
| 005 - ИДЕНТИФИКАТОР ВЕРСИИ | |
| контрольное поле | 20250617103648.0 |
| 010 ## - МЕЖДУНАРОДНЫЙ СТАНДАРТНЫЙ НОМЕР КНИГИ (ISBN) | |
| Номер (ISBN) | 5-7632-0742-4 |
| Тираж | 8000 |
| 020 ## - НОМЕР ДОКУМЕНТА В НАЦИОНАЛЬНОЙ БИБЛИОГРАФИИ | |
| Код страны | Российская Федерация |
| Номер | 98-32929 |
| Основное заглавие издания Российской книжной палаты | Книжная летопись |
| 021 ## - НОМЕР ГОСУДАРСТВЕННОЙ РЕГИСТРАЦИИ | |
| Код страны | Российская Федерация |
| Номер | 98-24258 |
| Номер Листа государственной регистраци | 1152 |
| 035 ## - ДРУГИЕ СИСТЕМНЫЕ НОМЕРА | |
| Идентификатор записи | (NLR Aleph) 000125260 |
| 100 ## - ДАННЫЕ ОБЩЕЙ ОБРАБОТКИ | |
| Данные общей обработки | 20000410d1998 |||y0rusy50 ca |
| 101 1# - ЯЗЫК РЕСУРСА | |
| Язык текста, звукозаписи и т.д. | русский |
| Язык оригинала | английский |
| 102 ## - СТРАНА ПУБЛИКАЦИИ ИЛИ ПРОИЗВОДСТВА | |
| Страна публикации | Российская Федерация |
| 105 ## - ПОЛЕ КОДИРОВАННЫХ ДАННЫХ: ТЕКСТОВЫЕ МАТЕРИАЛЫ, МОНОГРАФИЧЕСКИЕ | |
| Кодированные данные о монографическом текстовом документе | a ||||||||| |
| 200 1# - ЗАГЛАВИЕ И СВЕДЕНИЯ ОБ ОТВЕТСТВЕННОСТИ | |
| Основное заглавие | Черная Роза |
| Сведения, относящиеся к заглавию | Роман |
| Первые сведения об ответственности | Томас Костейн |
| Последующие сведения об ответственности | [Пер. с англ. О. Юмашевой |
| -- | Коммент. Н. Лынской |
| -- | Худож. Г. Шуршин] |
| 210 ## - ПУБЛИКАЦИЯ, РАСПРОСТРАНЕНИЕ И ДР. | |
| Место издания, распространения и т.д. | М. |
| Имя издателя, распространителя и т. д. | Армада |
| Дата издания, распространения и т.д. | 1998 |
| 215 ## - ФИЗИЧЕСКАЯ ХАРАКТЕРИСТИКА | |
| Специфическое обозначение материала и объем | 472,[2] с. |
| Другие сведения о физической характеристике | ил. |
| Размеры | 21 |
| 225 1# - СЕРИЯ | |
| Основное заглавие серии | Всемирная история |
| 225 1# - СЕРИЯ | |
| Основное заглавие серии | Любовь и войны средневековья |
| 300 ## - ОБЩИЕ ПРИМЕЧАНИЯ | |
| Текст примечания | Загл. корешка : Любовь и войны средневековья, XIII в. |
| 610 0# - НЕКОНТРОЛИРУЕМЫЕ ПРЕДМЕТНЫЕ ТЕРМИНЫ | |
| Предметный термин | Англия, 13 в. (х. л.) |
| 610 0# - НЕКОНТРОЛИРУЕМЫЕ ПРЕДМЕТНЫЕ ТЕРМИНЫ | |
| Предметный термин | Приключенческие романы и рассказы (х. л.) |
| 675 ## - УНИВЕРСАЛЬНАЯ ДЕСЯТИЧНАЯ КЛАССИФИКАЦИЯ (UDC/УДК) | |
| Индекс | 820(73)-31Костейн |
| Издание | 3 |
| Язык издания | rus |
| 686 ## - ИНДЕКСЫ ДРУГИХ КЛАССИФИКАЦИЙ | |
| Индекс | 17 |
| Код системы | |
| 686 ## - ИНДЕКСЫ ДРУГИХ КЛАССИФИКАЦИЙ | |
| Индекс | 84(7Кан) |
| Код системы | |
| 700 #1 - ИМЯ ЛИЦА - ПЕРВИЧНАЯ ОТВЕТСТВЕННОСТЬ | |
| Начальный элемент ввода | Костейн |
| Часть имени, кроме начального элемента ввода | Т. Б. |
| Даты | 1885-1965 |
| Расширение инициалов личного имени | Томас Бертран |
| Код отношения | Автор |
| 801 #0 - ИСТОЧНИК ЗАПИСИ | |
| Страна | Российская Федерация |
| Организация | RKP |
| Дата составления | 20000410 |
| Правила каталогизации | PSBO |
| 801 #1 - ИСТОЧНИК ЗАПИСИ | |
| Страна | Российская Федерация |
| Организация | RKP |
| Дата составления | 20000410 |
| 801 #2 - ИСТОЧНИК ЗАПИСИ | |
| Страна | Российская Федерация |
| Организация | NLR |
| Дата составления | 20010320 |
| Правила каталогизации | rcr |
| 852 ## - МЕСТОНАХОЖДЕНИЕ И ШИФР ХРАНЕНИЯ | |
| Идентификатор организации | NLR |
| Шифр хранения (Call Number) | 98-3/6963 |
| 942 ## - ДОПОЛНИТЕЛЬНЫЕ ЭЛЕМЕНТЫ ЗАПИСИ (АБИС) | |
| Тип экземпляра АБИС | Книга |
| 980 ## - КОЛЛЕКЦИЯ | |
| Название коллекции | Национальная библиография |
| Тип экземпляра | Дата поступления | Библиотека постоянного хранения | Библиотека текущего хранения | Место хранения | Шифр хранения | Штрих-код | Статус экземпляра |
|---|---|---|---|---|---|---|---|
| Книга | 26.10.2013 | РНБ (Московский) | РНБ (Московский) | Русский книжный фонд: издания с 1957 года | 98-3/6963 | 125260-10 |